000 00398nam a22001577a 4500
020 _a978-81-254-3520-3
082 _a823
_bYEA/M
100 _aVENOGOPAL, K
245 _aMUSIC SWAMI AND OTER STORIES
_bMALI STORIES
246 _aMUSIC SWAMI AND OTER STORIES
_bMALI STORIES
260 _aKOTTAYAM
_bDC BOOKS
_c2016
300 _a59
520 _aMALI STORIES
650 _aMALI STORIES
942 _cBK
999 _c2857
_d2857